Exekučný poriadok

Úplné znenie zákona Národnej rady Slovenskej republiky č. 233/1995 o exekučnej činnosti. Komentár k Exekučnému poriadku. Exekučný poriadok ako nástroj na riešenie obchodných sporov a na zabezpečenie ochrany práv fyzických a právnických osôb. Exekútor a jeho činnosť. Exekučný poriadok ako prostriedok...

Ausführliche Beschreibung

Gespeichert in:
Bibliographische Detailangaben
Format: Buchkapitel
Sprache:Slowakisch
Schlagworte:
Tags: Tag hinzufügen
Keine Tags, Fügen Sie das erste Tag hinzu!

MARC

LEADER 00000naa a2200000 4500
001 r033574
005 20230919065949.8
041 0 |a slo 
044 |a SK 
245 1 0 |a Exekučný poriadok 
520 |a Úplné znenie zákona Národnej rady Slovenskej republiky č. 233/1995 o exekučnej činnosti. Komentár k Exekučnému poriadku. Exekučný poriadok ako nástroj na riešenie obchodných sporov a na zabezpečenie ochrany práv fyzických a právnických osôb. Exekútor a jeho činnosť. Exekučný poriadok ako prostriedok k vytváraniu nových serióznych obchodných vzťahov. 
610 2 0 |a poriadok exekučný 
610 2 0 |a zákony 
610 2 0 |a Slovensko 
610 2 0 |a exekútori 
610 2 0 |a exekúcia 
610 2 0 |a osoby fyzické 
610 2 0 |a osoby právnické 
610 2 0 |a vzťahy obchodné 
610 2 0 |a 1995